Medieval Matters: Europe's Premodern Religious Cultures : Studies in Honour of Miri Rubin /

Medieval Matters: Europe's Premodern Religious Cultures offers innovative perspectives on Europe's medieval religious landscapes through diverse case studies spanning Livonia to Iberia. This interdisciplinary collection examines the complex interplay of ritual, community, memory, and ident...

Full description

Saved in:

Other Authors: Champion, Matthew (Editor)

Format: eBook

Language: English

Published: Leiden ; Boston : Brill, 2026.

Series: Early Modern History and Modern History E-Books online, Collection 2026.
Studies in Medieval and Reformation Traditions ; 252.

Subjects:

Online Access: Login to view Source

Tags: Add Tag

No Tags, Be the first to tag this record!

Call Number: NA105

LEADER 03834nam a22004938i 4500
001 BRILL9789004527621
003 nllekb
005 20260324115024.0
006 m d
007 cr un uuuua
008 251205s2026 gw sb 001 0 eng d
020 |a 9789004527621  |q (electronic book) 
020 |z 9789004527614  |q (print) 
024 7 |a 10.1163/9789004527621  |2 DOI 
040 |a NL-LeKB  |c NL-LeKB  |e rda 
041 |a eng 
050 4 |a NA105 
072 7 |a ACK  |2 bicssc 
072 7 |a ART  |x 015000  |2 bisacsh 
082 0 4 |a 900  |2 23 
245 0 0 |a Medieval Matters: Europe's Premodern Religious Cultures :  |b Studies in Honour of Miri Rubin /  |c edited by Matthew Champion. 
246 3 |a Studies in Honour of Miri Rubin 
264 1 |a Leiden ;  |a Boston :  |b Brill,  |c 2026. 
264 4 |c ©2026 
300 |a 1 online resource (262 pages) :  |b illustrations. 
336 |a text  |b txt  |2 rdacontent 
337 |a computer  |b c  |2 rdamedia 
338 |a online resource  |2 rdacarrier 
490 1 |a Early Modern History and Modern History E-Books online, Collection 2026 
490 1 |a Studies in Medieval and Reformation Traditions ;  |v 252 
504 |a Includes bibliographical references and index. 
505 0 |t Acknowledgements -- List of Figures and Tables -- Introduction: the Historian as Host - Miri Rubin and Medieval Europe's Religious Cultures -- Matthew S. Champion, Kati Ihnat, Eyal Poleg, and Milan Žonca -- 1 The Bible in Liturgy and Preaching -- Eyal Poleg -- 2 Between Religiosity and Social Practice: Livonia as a Commemorative Landscape -- Gustavs Strenga -- 3 Martyred by Jews: Understanding the Passio Mantii as Narrative and Cult -- Kati Ihnat -- 4 Pragmatism and Protection: Jews and Taxes in Late Medieval Castile -- Cecil Reid -- 5 "Induced to Conform ... to the Conduct of Christians": Pastoral Instruction and the Moriscos of Granada -- Bert Carlstrom -- 6 Hannah's Dragons: Gender and Conversion in a Fourteenth-Century Jewish Woman's Manuscript -- Milan Žonca -- 7 Re-framing the Virtue of Chastity in Late Medieval Italy -- Ella Kilgallon -- 8 Ritual Friendship and Church Government in the Later Middle Ages -- Ian Forrest -- 9 Mary and the Clock: Time, Gender and Material Cultures of Devotion -- Matthew S. Champion -- Concluding Roundtable: Miri Rubin and Medieval Studies -- Sara Lipton, Emma Dillon, Hussein Fancy, and Lyndal Roper -- Bibliography -- Index. 
520 |a Medieval Matters: Europe's Premodern Religious Cultures offers innovative perspectives on Europe's medieval religious landscapes through diverse case studies spanning Livonia to Iberia. This interdisciplinary collection examines the complex interplay of ritual, community, memory, and identity across medieval religious practices, with particular attention to Jewish-Christian relations, gender dynamics, and devotional materiality. Honouring Miri Rubin's transformative scholarship, the volume brings together emerging scholarly voices who engage with her insights on ritual, narrative, emotion, gender, and devotion. The collection concludes with a roundtable of eminent medievalists reflecting on Rubin's influence and future directions for studying the premodern past.  
546 |a English 
588 |a Description based on print version record. 
650 0 0 |a History. 
650 0 0 |a Jewish History & Culture. 
650 0 0 |a Medieval History. 
700 1 |a Champion, Matthew,  |e editor. 
776 0 8 |i Print version:  |t Medieval Matters: Europe's Premodern Religious Cultures : Studies in Honour of Miri Rubin.  |d Leiden ; Boston : BRILL,2026.  |z 9789004527614  |w (OCoLC)1546076570 
830 0 |a Early Modern History and Modern History E-Books online, Collection 2026. 
830 0 |a Studies in Medieval and Reformation Traditions ;  |v 252. 
856 4 |z DOI:  |u http://dx.doi.org/10.1163/9789004527621 
999 |c 61959  |d 61959